000
00172nam a22000977a 4500
003
SGT
245
_a
Dental Traumatology
260
_c
2006
300
_a
575
942
_2
ddc
_c
BV
999
_c
31264
_d
31264